<?xml version="1.0" encoding="UTF-8"?>
<record
    xmlns:xsi="http://www.w3.org/2001/XMLSchema-instance"
    xsi:schemaLocation="http://www.loc.gov/MARC21/slim http://www.loc.gov/standards/marcxml/schema/MARC21slim.xsd"
    xmlns="http://www.loc.gov/MARC21/slim">

  <leader>00843nam a22002417a 4500</leader>
  <controlfield tag="003">UA-OsUOA</controlfield>
  <controlfield tag="001"> 50293 </controlfield>
  <controlfield tag="007">ta</controlfield>
  <controlfield tag="008">20071113b un ||||| |||| 00| 0 ukr d</controlfield>
  <datafield tag="090" ind1=" " ind2=" ">
    <subfield code="a">321 (477)</subfield>
    <subfield code="b">&#x423; 45</subfield>
  </datafield>
  <datafield tag="942" ind1=" " ind2=" ">
    <subfield code="c">BK</subfield>
  </datafield>
  <datafield tag="040" ind1=" " ind2=" ">
    <subfield code="a">UA-OsUOA</subfield>
    <subfield code="b">ukr</subfield>
    <subfield code="c">UA-OsUOA</subfield>
    <subfield code="d">UA-OsUOA</subfield>
  </datafield>
  <datafield tag="245" ind1=" " ind2=" ">
    <subfield code="a">&#x423;&#x43A;&#x440;&#x430;&#x457;&#x43D;&#x430; &#x432; &#x43F;&#x43E;&#x448;&#x443;&#x43A;&#x430;&#x445; &#x441;&#x435;&#x431;&#x435;: &#x43D;&#x430;&#x446;&#x456;&#x43E;&#x43D;&#x430;&#x43B;&#x44C;&#x43D;&#x430; &#x456;&#x434;&#x435;&#x44F;, &#x43F;&#x440;&#x43E;&#x431;&#x43B;&#x435;&#x43C;&#x438; &#x440;&#x43E;&#x437;&#x432;&#x438;&#x442;&#x43A;&#x443;</subfield>
    <subfield code="b">&#x423;&#x43F;&#x43E;&#x440;&#x44F;&#x434;. &#x41E;. &#x421;&#x443;&#x434;&#x430;&#x43A;&#x43E;&#x432;&#x430;</subfield>
  </datafield>
  <datafield tag="300" ind1=" " ind2=" ">
    <subfield code="a">328 &#x441;.</subfield>
  </datafield>
  <datafield tag="955" ind1=" " ind2=" ">
    <subfield code="a">2</subfield>
  </datafield>
  <datafield tag="041" ind1=" " ind2=" ">
    <subfield code="a">ukr</subfield>
  </datafield>
  <datafield tag="080" ind1=" " ind2=" ">
    <subfield code="a">321 (477)</subfield>
  </datafield>
  <datafield tag="020" ind1=" " ind2=" ">
    <subfield code="a">978-966-518-292-4</subfield>
  </datafield>
  <datafield tag="260" ind1=" " ind2=" ">
    <subfield code="a">&#x41A;.</subfield>
    <subfield code="b">&#x41A;&#x41C;&#x410;</subfield>
    <subfield code="c">2007</subfield>
  </datafield>
  <datafield tag="250" ind1=" " ind2=" ">
    <subfield code="n">&#x417;&#x431;. &#x43C;&#x430;&#x442;&#x435;&#x440;&#x456;&#x430;&#x43B;&#x456;&#x432; &#x435;&#x43A;&#x441;&#x43F;&#x435;&#x440;&#x442;&#x456;&#x432; &#x412;&#x441;&#x435;&#x443;&#x43A;&#x440;. &#x435;&#x43A;&#x441;&#x43F;&#x435;&#x440;&#x442;. &#x43C;&#x435;&#x440;&#x435;&#x436;&#x456;</subfield>
  </datafield>
  <datafield tag="650" ind1=" " ind2="7">
    <subfield code="a">321 &#x424;&#x43E;&#x440;&#x43C;&#x438; &#x43F;&#x43E;&#x43B;&#x456;&#x442;&#x438;&#x447;&#x43D;&#x438;&#x445; &#x43E;&#x440;&#x433;&#x430;&#x43D;&#x456;&#x437;&#x430;&#x446;&#x456;&#x439;. &#x414;&#x435;&#x440;&#x436;&#x430;&#x432;&#x438; &#x44F;&#x43A; &#x43F;&#x43E;&#x43B;&#x456;&#x442;&#x438;&#x447;&#x43D;&#x456; &#x432;&#x43B;&#x430;&#x434;&#x438;</subfield>
    <subfield code="2">UDC</subfield>
  </datafield>
  <datafield tag="999" ind1=" " ind2=" ">
    <subfield code="c">336391</subfield>
    <subfield code="d">336391</subfield>
  </datafield>
  <datafield tag="952" ind1=" " ind2=" ">
    <subfield code="0">0</subfield>
    <subfield code="1">0</subfield>
    <subfield code="2">udc</subfield>
    <subfield code="4">0</subfield>
    <subfield code="7">0</subfield>
    <subfield code="a">101</subfield>
    <subfield code="b">101</subfield>
    <subfield code="d">2007-11-13</subfield>
    <subfield code="e">193/2007</subfield>
    <subfield code="g">9.00</subfield>
    <subfield code="i">109227</subfield>
    <subfield code="l">0</subfield>
    <subfield code="o">321 (477) &#x423; 45</subfield>
    <subfield code="p">109227</subfield>
    <subfield code="r">2021-11-25 00:00:00</subfield>
    <subfield code="w">2007-11-13</subfield>
    <subfield code="y">BK</subfield>
  </datafield>
  <datafield tag="952" ind1=" " ind2=" ">
    <subfield code="0">0</subfield>
    <subfield code="1">0</subfield>
    <subfield code="2">udc</subfield>
    <subfield code="4">0</subfield>
    <subfield code="7">0</subfield>
    <subfield code="a">101</subfield>
    <subfield code="b">101</subfield>
    <subfield code="d">2007-11-13</subfield>
    <subfield code="e">193/2007</subfield>
    <subfield code="g">9.00</subfield>
    <subfield code="i">109228</subfield>
    <subfield code="l">0</subfield>
    <subfield code="o">321 (477) &#x423; 45</subfield>
    <subfield code="p">109228</subfield>
    <subfield code="r">2021-11-25 00:00:00</subfield>
    <subfield code="w">2007-11-13</subfield>
    <subfield code="y">BK</subfield>
  </datafield>
</record>
